00423nam a2200157Ia 4500008004100000020001800041082001500059100002100074245002700095250000800122260004400130300002300174500001900197600003300216650001600249240925s9999 xx 000 0 und d a9788126515370 a515.35 ROS aRoss, Shepley L. 0aDifferential Equations a3rd aNew Delhi:bJohn Wiley and Sonsc,2016. a354p.b0fOriginal aIncludes Index aHumanities & Natural Science aMathematics